000
00223nam a22000857a 4500
008
161129b xxu||||| |||| 00| 0 eng d
100
_9
1523
_a
Vehta.V.K.
245
_a
Principles of Physics-XII
260
_a
New Delhi
_b
S. Chand
_c
2011
999
_c
4252
_d
4252